Quasidifferentiability and related topics

Αποθηκεύτηκε σε:
Λεπτομέρειες βιβλιογραφικής εγγραφής
Άλλοι συγγραφείς: Rubinov, Aleksandr Moiseevich (Επιμελητής έκδοσης), Demianov, V. F. (Vladimir Fedorovich), 1938-2014 (Επιμελητής έκδοσης)
Μορφή: Βιβλίο
Γλώσσα:English
Δημοσίευση: Dordrecht ; Boston : Kluwer, c2000.
Σειρά:Nonconvex optimization and its applications ; 43
Θέματα:
Ετικέτες: Προσθήκη ετικέτας
Δεν υπάρχουν, Καταχωρήστε ετικέτα πρώτοι!

MARC

LEADER 00000cam a2200000 a 4500
001 1/108063
008 150821s2000####ne | ||| |||| ||eng||
020 |a 0792362845 
040 |a GR-MyUa  |b gre  |c GR-MyUa  |e AACR2 
041 0 |a eng 
082 7 |a 515.33   |2 (23)  
245 1 0 |a Quasidifferentiability and related topics /   |c edited by Vladimir Demyanov and Alexander Rubinov.  
260 |a Dordrecht ; Boston :   |b Kluwer,   |c c2000.  
300 |a xix, 391 σ.   |c 25 εκ. 
490 1 |a (Nonconvex optimization and its applications) ;   |v 43  
650 0 |a Nonsmooth optimization. 
650 0 |a Quasidifferential calculus. 
700 1 |a Rubinov, Aleksandr Moiseevich,  |e edt 
700 1 |a Demianov, V. F.   |q (Vladimir Fedorovich),   |d 1938-2014,  |e edt 
830 0 |a Nonconvex optimization and its applications ;  |v 43 
852 |a INST  |b SAMOS  |e 20150821  |h 515.33 QUA  |p 005300042545  |q 005300042545  |t BK  |y 0 
970 |a Γουβάλα  |b Βάσω  |z 21-08-2015